Hodina zázrakov modlitba, ktorá zmení tvoj život

Podrobná bibliografia
Hlavný autor: Schubert, Linda, 1937- (Autor)
Ďalší autori: Škripek, Branislav, 1970- (Prekladateľ), Németh, Oto (Fotograf)
Médium: Kniha
Jazyk:slovenčina
angličtina
PhysicalDescription:47 s. fareb. fotogr. 15 cm
Vydavateľské údaje: [Bratislava] Oto Németh 2007
ISBN:9788089277056
Vydanie:6. vyd.
Predmet:

MARC

LEADER 00000nam a2200000 a 4500
001 vtls009287973
003 SK-MaSNL
005 20260301145630.0
008 240314s2007 xo g 000 0 slo
015 |a SNBA2008/08-03292 
020 |a 9788089277056  |q (brož.) 
035 |a urn:nbn:sk:snk-am00d5vk 
035 |a urn:nbn:sk:snk-am3hqq9 
035 |a 4E0BCFDD-9C27-4E69-831A-1AE1674960CF 
040 |a SNK  |b slo  |c SNK  |e AACR2 
041 1 |a slo  |h eng 
044 |a xo  |c SK 
072 7 |a 27-4  |x Praktická teológia. Morálna teológia  |2 konspekt 
080 |a 272-534.3  |2 2001 
080 |a (035)  |2 2001 
080 |a (041)  |2 2001 
100 1 |a Schubert, Linda,  |d 1937-  |4 aut  |9 505721 
240 1 0 |a Miracle hour. A method of prayer that will change your life  |l Slovensky 
245 1 0 |a Hodina zázrakov  |b modlitba, ktorá zmení tvoj život  |c Linda Schubert ; [preklad: Branisklav Škripek ; foto Oto Németh] 
250 |a 6. vyd. 
260 |a [Bratislava]  |b Oto Németh  |c 2007 
300 |a 47 s.  |b fareb. fotogr.  |c 15 cm 
500 |a Miesto vydania podľa ISBN 
650 0 7 |a katolícke modlitby  |2 SNKPH  |9 4273 
655 7 |a príručky  |2 SNKPH  |9 74364 
655 7 |a brožúry  |2 SNKPH  |9 70146 
700 1 |a Škripek, Branislav,  |d 1970-  |4 trl  |9 170428 
700 1 |a Németh, Oto  |4 pht  |9 45977 
919 |a 978-80-89277-05-6 
958 |a OP 
958 |a NT 
968 |b ENG  |d 2 
999 |c 780813  |d 782743 
952 |a SNK  |b SNK  |y PREZ  |7 0  |p 17A0586066  |o snkSE 11588  |i snk2008/9132  |8 0  |0 0  |1 0  |4 0  |d 2008-04-22  |f 1  |l 0  |r 2026-02-24 01:03:48  |w 2026-02-24 
952 |a SNK  |b SNK  |y VYP  |7 0  |p 17A0586067  |o snkSE 11588 D1  |i snk2008/9133  |8 0  |0 0  |1 0  |4 0  |d 2008-04-22  |l 0  |r 2026-02-24 01:03:48  |w 2026-02-24